Μικρό χρονικό μεγάλου πολέμου
Αποθηκεύτηκε σε:
| Κύριος συγγραφέας: | |
|---|---|
| Μορφή: | Βιβλίο |
| Γλώσσα: | Greek |
| Δημοσίευση: |
Αθήνα :
Σαλιβέρος,
1978.
|
| Θέματα: | |
| Ετικέτες: |
Προσθήκη ετικέτας
Δεν υπάρχουν, Καταχωρήστε ετικέτα πρώτοι!
|
MARC
| LEADER | 00000cam a2200000 a 4500 | ||
|---|---|---|---|
| 001 | 1/116949 | ||
| 008 | 180703s1078####gr | ||| |||| ||gre|| | ||
| 040 | |a GR-MyUa |b gre |c GR-MyUa |e AACR2 | ||
| 041 | 0 | |a gre | |
| 082 | 7 | |a 938.747 |2 (23) | |
| 100 | 1 | |a Ματάλας, Ντίμης, |d 1923- | |
| 245 | 1 | 0 | |a Μικρό χρονικό μεγάλου πολέμου / |c Ντίμη Ματάλα. |
| 260 | |a Αθήνα : |b Σαλιβέρος, |c 1978. | ||
| 300 | |a 208 σ. ; |c 24 εκ. | ||
| 650 | 0 | |a World War, 1939-1945 |z Greece |x Personal narratives. | |
| 650 | 0 | |a World War, 1939-1945 |x Naval operations, Greek. | |
| 651 | 0 | |a Greece |x History |y Occupation, 1941-1944 |x Personal narratives. | |
| 852 | |a INST |b LESVOS |e 20180703 |h 938.747 ΜΑΤ |p 005100060569 |q 005100060569 |t BK |y 0 | ||
| 970 | |a Τζαφέρη |b Ευαγγελία |z 03-07-2018 | ||